| 000 | 00917nam a2200265 i 4500 | ||
|---|---|---|---|
| 001 | 18550 | ||
| 003 | ES-MaACL | ||
| 005 | 20250509214104.0 | ||
| 007 | t| | ||
| 008 | 020207s1995 sp |||| |dspa d | ||
| 020 | _a84-7492-743-9 | ||
| 080 | _a821.134.2 Castro, Rosalía de 1.06 | ||
| 080 | _a821.134.2 Pardo Bazán, Emilia 1.06 | ||
| 100 | 1 |
_aAlbert Robatto, Matilde. _919328 |
|
| 245 | 1 | 0 |
_aRosalía de Castro y Emilia Pardo Bazán _b: afinidades y contrastes / _cMatilde Albert Robatto. |
| 260 |
_aSada, A Coruña : _bEdiciós do Castro, _c[1995] |
||
| 300 |
_a226 p. ; _c19 cm. |
||
| 490 | 1 | _aEnsaio | |
| 600 | 1 | 0 |
_aCastro, Rosalía de, _d1837-1885- _xCrítica e interpretación _9234209 |
| 600 | 1 | 4 |
_aPardo Bazán, Emilia, _cCondesa de, _d1851-1921- _xCrítica e interpretación _988986 |
| 830 | 0 |
_aEnsaio _9179268 |
|
| 852 |
_aES-MaACL _jL-25110 |
||
| 942 | _2udc | ||
| 999 |
_c18550 _d18550 |
||